[Event "Madrid San Viator op 24th"]
[Site "Madrid"]
[Date "2015.05.10"]
[Round "6"]
[White "Rodriguez Varela, Alvaro"]
[Black "Centeno Mateos, Domingo"]
[Result "1/2-1/2"]
[WhiteElo "1745"]
[BlackElo "1483"]
[PlyCount "162"]
[EventDate "2015.03.22"]
[EventType "swiss"]
[EventRounds "9"]
[EventCountry "ESP"]
[SourceTitle "EXT 2016"]
[Source "ChessBase"]
[SourceDate "2015.10.08"]
[SourceVersion "1"]
[SourceVersionDate "2015.10.08"]
[SourceQuality "1"]

1. e4 c5 2. Nf3 d6 3. Bb5+ Bd7 4. Bxd7+ Qxd7 5. d4 cxd4 6. Nxd4 Nf6 7. Nc3 e5 8. Nf5 Nc6 9. Bg5 Nxe4 10. Nxg7+ Bxg7 11. Nxe4 d5 12. Nc3 f6 13. Bh4 0-0-0 14. Qd2 d4 15. Ne2 Rhe8 16. 0-0-0 Qg4 17. Bg3 h5 18. f3 Qg6 19. Kb1 Bh6 20. Qd3 e4 21. fxe4 Qxe4 22. Qxe4 Rxe4 23. Rhe1 Rde8 24. Nc1 Rxe1 25. Rxe1 Rxe1 26. Bxe1 Kd7 27. Nd3 Kd6 28. Bg3+ Ne5 29. Bf4 Bg5 30. h4 Bxh4 31. Kc1 Bg5 32. Kd1 Kd5 33. Nxe5 Bxf4 34. Nf3 Ke4 35. Ke2 Bg3 36. Nd2+ Kd5 37. Kf3 Be5 38. b3 b5 39. Ne4 b4 40. Nf2 f5 41. Nd3 a5 42. Ne1 h4 43. Nd3 Bg3 44. Nc1 Bd6 45. Nd3 Kc6 46. Nf4 Be7 47. Ng6 Bg5 48. Ne5+ Kc5 49. Nc4 a4 50. Ne5 axb3 51. axb3 Kd5 52. Nd3 Bd2 53. Ke2 Bc3 54. Nf4+ Ke5 55. Ng6+ Kf6 56. Nxh4 Kg5 57. Nf3+ Kf4 58. Kf2 Ke4 59. Ng5+ Kf4 60. Ne6+ Ke4 61. Nc5+ Kf4 62. Nd3+ Ke4 63. g3 Bd2 64. Ke2 Bc3 65. Nc5+ Kd5 66. Nd7 Ke4 67. Nf6+ Ke5 68. Nh5 Ke4 69. Ng7 f4 70. gxf4 Kxf4 71. Kd3 Ke5 72. Kc4 Ke4 73. Ne6 Ke5 74. Nc7 Ke4 75. Nb5 Ke3 76. Nxd4 Bxd4 77. Kxb4 Kd2 78. c4 Kc2 79. Ka4 Kc3 80. Ka3 Bc5+ 81. Ka4 Bb4 1/2-1/2

[Event "Madrid San Viator op 24th"]
[Site "Madrid"]
[Date "2015.04.26"]
[Round "5"]
[White "Diaz del Prado, Carlos"]
[Black "Rodriguez Varela, Alvaro"]
[Result "0-1"]
[WhiteElo "1274"]
[BlackElo "1745"]
[PlyCount "56"]
[EventDate "2015.03.22"]
[EventType "swiss"]
[EventRounds "9"]
[EventCountry "ESP"]
[SourceTitle "EXT 2016"]
[Source "ChessBase"]
[SourceDate "2015.10.08"]
[SourceVersion "1"]
[SourceVersionDate "2015.10.08"]
[SourceQuality "1"]

1. c4 Nf6 2. Nc3 e5 3. Nf3 Nc6 4. g3 d5 5. e3 e4 6. cxd5 Nxd5 7. Nxe4 Ndb4 8. Qb3 Bf5 9. d3 Be6 10. Qc3 Nxa2 11. Qc2 Nab4 12. Qc3 Qd7 13. Nc5 Bxc5 14. Qxc5 Nxd3+ 15. Bxd3 Qxd3 16. Ra3 Qe4 17. Qh5 Bd5 18. Ke2 Bc4+ 19. Ke1 Nd4 20. Qe5+ Qxe5 21. Nxe5 Nc2+ 22. Kd2 Nxa3 23. bxa3 Bd5 24. Rd1 0-0-0 25. Ke1 Bb3 26. Rxd8+ Rxd8 27. Ke2 f6 28. Nf3 Bd1+ 0-1

[Event "Madrid Oliver Gonzalez Memorial-B 3rd"]
[Site "Madrid"]
[Date "2012.09.05"]
[Round "5"]
[White "Rodriguez Varela, Alvaro"]
[Black "Morona Minguez, Miguel"]
[Result "1/2-1/2"]
[WhiteElo "1752"]
[BlackElo "1631"]
[PlyCount "41"]
[EventDate "2012.09.01"]
[EventType "swiss"]
[EventRounds "9"]
[EventCountry "ESP"]
[SourceTitle "CBM 150 Extra"]
[Source "ChessBase"]
[SourceDate "2012.10.19"]
[SourceVersion "1"]
[SourceVersionDate "2012.10.19"]
[SourceQuality "1"]

1. e4 e5 2. Nf3 Nc6 3. d4 exd4 4. Bc4 Nf6 5. 0-0 Nxe4 6. Re1 d5 7. Bxd5 Qxd5 8. Nc3 Qf5 9. Nxe4 Be6 10. Nxd4 Nxd4 11. Qxd4 Rd8 12. Qa4+ b5 13. Ng3 Qxf2+ 14. Kxf2 bxa4 15. Be3 a6 16. b3 Bb4 17. Red1 Rxd1 18. Rxd1 axb3 19. cxb3 0-0 20. Rc1 Bd6 21. Rc6 1/2-1/2

[Event "Madrid San Viator op 18th"]
[Site "Madrid"]
[Date "2012.04.15"]
[Round "3"]
[White "Rodriguez Varela, Alvaro"]
[Black "Jimenez Perez, Federico"]
[Result "1-0"]
[WhiteElo "1751"]
[BlackElo "1282"]
[PlyCount "73"]
[EventDate "2012.03.25"]
[EventType "swiss"]
[EventRounds "9"]
[EventCountry "ESP"]
[SourceTitle "EXT 2013"]
[Source "ChessBase"]
[SourceDate "2012.11.22"]
[SourceVersion "1"]
[SourceVersionDate "2012.11.22"]
[SourceQuality "1"]

1. e4 c5 2. Nf3 d6 3. Bb5+ Bd7 4. Bxd7+ Qxd7 5. d4 cxd4 6. Nxd4 e5 7. Nf5 Nc6 8. Nc3 g6 9. Ne3 Nf6 10. Ned5 Be7 11. Bh6 Rg8 12. Nxe7 Qxe7 13. Bg5 Qe6 14. Bxf6 Qxf6 15. Nb5 0-0-0 16. 0-0 a6 17. Nc3 Ne7 18. Qd3 Qe6 19. Rfd1 f5 20. b4 fxe4 21. Nxe4 d5 22. Nc5 Qb6 23. Qh3+ Nf5 24. Qc3 d4 25. Qc4 Kb8 26. a4 Nd6 27. Qe6 Qc7 28. Qxe5 Rge8 29. Qxd4 Ne4 30. Qc4 Rxd1+ 31. Rxd1 Nxc5 32. bxc5 Rd8 33. Rxd8+ Qxd8 34. Qd3 Qxd3 35. cxd3 b5 36. cxb6 Kb7 37. a5 1-0

[Event "Madrid San Viator op 17th"]
[Site "Madrid"]
[Date "2011.10.16"]
[Round "6"]
[White "Rodriguez Varela, Alvaro"]
[Black "Martinez Rubio, Felipe"]
[Result "1/2-1/2"]
[WhiteElo "1753"]
[BlackElo "1868"]
[PlyCount "209"]
[EventDate "2011.09.25"]
[EventType "swiss"]
[EventRounds "9"]
[EventCountry "ESP"]
[SourceTitle "EXT 2012"]
[Source "ChessBase"]
[SourceDate "2011.11.24"]
[SourceVersion "1"]
[SourceVersionDate "2011.11.24"]
[SourceQuality "1"]

1. e4 c5 2. Nf3 e6 3. d3 g6 4. Nc3 Bg7 5. Be2 Ne7 6. 0-0 Nbc6 7. Bg5 0-0 8. Qd2 Nd4 9. Rfe1 f6 10. Be3 e5 11. Bd1 d5 12. Nxd5 Nxd5 13. exd5 Qxd5 14. Nxd4 cxd4 15. Bh6 Rb8 16. Bxg7 Kxg7 17. Qb4 Qd7 18. Bf3 b6 19. Re2 Bb7 20. Bxb7 Rxb7 21. Rae1 Rf7 22. Re4 Qc6 23. R4e2 Rfc7 24. Qb3 a5 25. Rc1 b5 26. c3 Qc5 27. Rec2 a4 28. Qe6 Re7 29. Qg4 dxc3 30. Rxc3 Qd5 31. b3 axb3 32. axb3 b4 33. Rc4 Qxd3 34. Rxb4 Qd2 35. Rbc4 Rxb3 36. h4 Rb2 37. Qg3 Qd7 38. Rc7 Qxc7 39. Rxc7 Rxc7 40. Qa3 Rbc2 41. Qd6 Rc1+ 42. Kh2 R1c6 43. Qa3 Rd7 44. Qa4 Rcd6 45. Qa3 Rd3 46. Qc5 R3d5 47. Qa3 Rd2 48. Qc5 R2d4 49. g3 Rf7 50. Kg2 Rfd7 51. Qc6 h6 52. Qe6 R4d6 53. Qc4 Re7 54. Qc5 Rde6 55. Kh3 e4 56. Kg2 e3 57. fxe3 Rxe3 58. Kh3 R3e5 59. Qd6 h5 60. Kg2 Rf7 61. Qd4 Rf5 62. Qd1 Kh6 63. Qd2+ Kg7 64. Qd1 Re5 65. Qd4 Rfe7 66. Qd6 g5 67. hxg5 fxg5 68. Qd4 Kg6 69. Qd3+ Kg7 70. Qd4 g4 71. Kg1 Kg6 72. Qd3+ Re4 73. Qd6+ R7e6 74. Qd3 Kf7 75. Qd7+ Re7 76. Qd5+ Kg6 77. Qd6+ Kg7 78. Qd3 Re1+ 79. Kf2 R7e2+ 80. Qxe2 Rxe2+ 81. Kxe2 Kf6 82. Kd3 Kf5 83. Ke3 Ke5 84. Kd3 Kf5 85. Ke3 Kg5 86. Kf2 h4 87. gxh4+ Kxh4 88. Kg2 Kg5 89. Kg3 Kf5 90. Kg2 Kf4 91. Kf2 Kg5 92. Kg3 Kh5 93. Kg2 Kh4 94. Kh2 g3+ 95. Kg2 Kg4 96. Kg1 Kg5 97. Kg2 Kg4 98. Kg1 Kf3 99. Kf1 Kg4 100. Kg2 Kh4 101. Kg1 Kh3 102. Kh1 Kg4 103. Kg2 Kf4 104. Kg1 Kf3 105. Kf1 1/2-1/2

[Event "Madrid San Viator op 17th"]
[Site "Madrid"]
[Date "2011.10.01"]
[Round "2"]
[White "Jimenez Sanchez, Juan Daniel"]
[Black "Rodriguez Varela, Alvaro"]
[Result "0-1"]
[WhiteElo "1469"]
[BlackElo "1753"]
[PlyCount "68"]
[EventDate "2011.09.25"]
[EventType "swiss"]
[EventRounds "9"]
[EventCountry "ESP"]
[SourceTitle "EXT 2012"]
[Source "ChessBase"]
[SourceDate "2011.11.24"]
[SourceVersion "1"]
[SourceVersionDate "2011.11.24"]
[SourceQuality "1"]

1. d4 e5 2. Nf3 e4 3. Ne5 d5 4. e3 Nf6 5. c4 Be7 6. Nc3 dxc4 7. Bxc4 0-0 8. h3 c6 9. Qb3 Qe8 10. Bd2 Bd6 11. Ng4 Nxg4 12. hxg4 b5 13. Be2 b4 14. Na4 Be6 15. Qc2 Bd5 16. 0-0-0 Nd7 17. b3 c5 18. Kb1 Rc8 19. Bc4 cxd4 20. exd4 Nf6 21. Rh4 e3 22. Bxe3 Be4 23. Rd3 Nd5 24. Qd2 Qe7 25. g3 Nc3+ 26. Nxc3 bxc3 27. Qxc3 Ba3 28. Bd2 a5 29. Ka1 Bb4 30. Qc2 Bxd2 31. Qxd2 Bxd3 32. Bxd3 g6 33. Qh6 Qe1+ 34. Bb1 Qc3# 0-1

[Event "Madrid San Viator op 13th"]
[Site "Madrid"]
[Date "2009.10.25"]
[Round "5"]
[White "Rodriguez Varela, Alvaro"]
[Black "Cazorla Munoz, Francisco"]
[Result "0-1"]
[WhiteElo "1805"]
[BlackElo "1863"]
[PlyCount "46"]
[EventDate "2009.09.27"]
[EventType "swiss"]
[EventRounds "9"]
[EventCountry "ESP"]
[SourceTitle "EXT 2010"]
[Source "ChessBase"]
[SourceDate "2010.11.25"]
[SourceVersion "1"]
[SourceVersionDate "2010.11.25"]
[SourceQuality "1"]

1. e4 c5 2. Nf3 d6 3. Bb5+ Nc6 4. d4 cxd4 5. Nxd4 Bd7 6. 0-0 Nf6 7. Nc3 a6 8. Be2 g6 9. Be3 Bg7 10. Qd2 h5 11. f4 Ng4 12. Bxg4 Bxg4 13. f5 h4 14. fxg6 fxg6 15. Rf4 Qd7 16. Raf1 Bxd4 17. Bxd4 Nxd4 18. Rxg4 Qxg4 19. Qxd4 0-0-0 20. Nd5 h3 21. Qc4+ Kb8 22. Qc7+ Ka8 23. g3 Qxe4 0-1

[Event "ESP-ch 74th"]
[Site "Palma de Mallorca"]
[Date "2009.09.29"]
[Round "4"]
[White "Sarto Ramos, Angel"]
[Black "Rodriguez Varela, Alvaro"]
[Result "1-0"]
[WhiteElo "2037"]
[BlackElo "1805"]
[PlyCount "55"]
[EventDate "2009.09.26"]
[EventType "swiss"]
[EventRounds "9"]
[EventCountry "ESP"]
[SourceTitle "CBM 132 Extra"]
[Source "ChessBase"]
[SourceDate "2009.11.03"]
[SourceVersion "1"]
[SourceVersionDate "2009.11.03"]
[SourceQuality "1"]

1. d4 f5 2. g3 g6 3. Bg2 Bg7 4. Nc3 Nf6 5. e4 fxe4 6. Nxe4 0-0 7. h4 Nxe4 8. Bxe4 d6 9. h5 Qe8 10. hxg6 hxg6 11. Qd3 Qf7 12. Rh2 Bf5 13. Ne2 Nc6 14. c3 Bxe4 15. Qxe4 Qf5 16. Qxf5 gxf5 17. Bh6 e5 18. 0-0-0 Rf7 19. Rdh1 Raf8 20. Kd2 Bxh6+ 21. Rxh6 Kg7 22. f4 e4 23. d5 Ne7 24. Nd4 e3+ 25. Ke2 Ng6 26. Ne6+ Kf6 27. Nxf8 Rxf8 28. Rh7 1-0

[Event "Madrid San Viator 07th"]
[Site "Madrid"]
[Date "2007.05.13"]
[Round "4"]
[White "Rodriguez Varela, Alvaro"]
[Black "Tejedo Meneses, Alvaro"]
[Result "0-1"]
[WhiteElo "1812"]
[BlackElo "2056"]
[PlyCount "98"]
[EventDate "2007.05.05"]
[EventType "tourn"]
[EventRounds "10"]
[EventCountry "ESP"]
[SourceTitle "EXT 2008"]
[Source "ChessBase"]
[SourceDate "2007.11.25"]
[SourceVersion "1"]
[SourceVersionDate "2007.11.25"]
[SourceQuality "1"]

1. e4 c5 2. Nf3 d6 3. Bb5+ Nc6 4. d4 cxd4 5. Nxd4 Bd7 6. 0-0 Nf6 7. Nc3 e6 8. Bg5 Be7 9. Qd2 Qb6 10. Rad1 Qxd4 11. Qxd4 Nxd4 12. Bxd7+ Nxd7 13. Bxe7 Kxe7 14. Rxd4 Rhd8 15. Rfd1 Nf6 16. f3 a6 17. Kf2 Rac8 18. R1d2 Ne8 19. a4 b6 20. Rb4 Rc6 21. Rbd4 Rdc8 22. Ke3 Nf6 23. g4 g5 24. h3 Nd7 25. h4 h6 26. hxg5 hxg5 27. Rh2 Ne5 28. Rb4 Nc4+ 29. Kf2 a5 30. Rb5 Nxb2 31. Rxb2 Rxc3 32. Rxb6 Rxc2+ 33. Kg3 Rxh2 34. Kxh2 Rc4 35. Rb7+ Kf6 36. Rd7 Rd4 37. Kg3 e5 38. Rd8 Ke7 39. Rg8 f6 40. Rg7+ Ke6 41. Rg8 Rxa4 42. Re8+ Kd7 43. Rf8 Ke7 44. Rg8 Rd4 45. Rg7+ Ke6 46. Rg8 a4 47. Re8+ Kd7 48. Rf8 a3 49. Rxf6 Ra4 0-1